Speed Test-Mathématics- 1 to 50 - Statistics

General Stats
  • This quiz has been taken 104 times
  • The average score is 36 of 50
Answer Stats
1 to 50 % Correct
1
100%
2
98%
3
98%
4
98%
5
98%
6
98%
7
98%
8
96%
9
96%
10
94%
11
94%
12
91%
13
91%
14
91%
15
91%
16
85%
17
83%
18
83%
19
83%
20
83%
21
81%
22
80%
23
80%
24
76%
25
76%
26
74%
27
74%
28
70%
29
70%
30
67%
31
65%
32
65%
33
63%
34
61%
35
61%
36
59%
37
59%
38
57%
39
54%
40
48%
41
46%
42
44%
43
43%
44
41%
45
37%
46
37%
47
37%
48
33%
49
30%
50
19%
No matching quizzes found
Score Distribution
Percent of People with Each Score
Percentile by Number Answered
Your Score History
You have not taken this quiz